[Event "FIDE World Cup American Qual Gp2"]
[Site "Tornelo INT"]
[Date "2021.05.23"]
[Round "1.2"]
[White "Richards, Shaheim"]
[Black "Tristan, Leonardo"]
[Result "0-1"]
[WhiteElo "1451"]
[BlackElo "2535"]
[PlyCount "68"]
[EventDate "2021.05.22"]
[EventType "k.o. (rapid)"]
[EventRounds "4"]
[EventCountry "USA"]
[SourceTitle "CBM 202 Extra"]
[Source "ChessBase"]
[SourceDate "2021.07.31"]
[SourceVersion "1"]
[SourceVersionDate "2021.07.31"]
[SourceQuality "1"]

1. d4 d6 2. Nf3 f5 3. e3 Nf6 4. Bd3 g6 5. Nbd2 Bg7 6. b3 Nc6 7. Bb2 0-0 8. a3 e5 9. dxe5 Ng4 10. 0-0 Ngxe5 11. Bxe5 dxe5 12. e4 f4 13. Bc4+ Kh8 14. h3 Qf6 15. Nh2 h5 16. c3 Bd7 17. g4 f3 18. Qxf3 Qg5 19. Qe3 Rf4 20. Ndf3 Qe7 21. Kg2 hxg4 22. hxg4 Bxg4 23. Rh1 Bh5 24. Nf1 Bh6 25. N1d2 Rg4+ 26. Kf1 Bxe3 27. fxe3 Rf8 28. Kf2 Qg5 29. Ke2 Rg2+ 30. Kd3 Rd8+ 31. Bd5 Rxd5+ 32. exd5 e4+ 33. Nxe4 Qxd5+ 34. Nd4 Ne5# 0-1

[Event "FIDE World Cup American Qual Gp2"]
[Site "Tornelo INT"]
[Date "2021.05.22"]
[Round "1.1"]
[White "Tristan, Leonardo"]
[Black "Richards, Shaheim"]
[Result "1/2-1/2"]
[WhiteElo "2535"]
[BlackElo "1451"]
[PlyCount "67"]
[EventDate "2021.05.22"]
[EventType "k.o. (rapid)"]
[EventRounds "4"]
[EventCountry "USA"]
[SourceTitle "CBM 202 Extra"]
[Source "ChessBase"]
[SourceDate "2021.07.31"]
[SourceVersion "1"]
[SourceVersionDate "2021.07.31"]
[SourceQuality "1"]

1. d4 d5 2. c4 e6 3. Nc3 c6 4. Nf3 Nf6 5. Bf4 Bd6 6. Bxd6 Qxd6 7. e3 Nbd7 8. Qc2 0-0 9. cxd5 exd5 10. Bd3 Re8 11. 0-0 Qe7 12. Nd2 Nf8 13. Rab1 b6 14. b4 Bb7 15. a4 Ne6 16. a5 c5 17. a6 Bc6 18. b5 Bd7 19. Nf3 cxd4 20. exd4 Rac8 21. Qd2 Qd6 22. Rfe1 Qf4 23. Re3 Ng4 24. Nxd5 Qd6 25. Re5 Nxe5 26. dxe5 Qc5 27. Nf6+ gxf6 28. Qh6 f5 29. Bxf5 Nf8 30. Qg5+ Kh8 31. Qf6+ Kg8 32. Qg5+ Kh8 33. Qf6+ Kg8 34. Qg5+ 1/2-1/2

[Event "American World Cup Q Prelim"]
[Site "Tornelo INT"]
[Date "2021.05.09"]
[Round "5"]
[White "Lage, Pedro Ferreira"]
[Black "Richards, Shaheim"]
[Result "1-0"]
[WhiteElo "2123"]
[BlackElo "1451"]
[PlyCount "113"]
[EventDate "2021.05.08"]
[EventType "swiss (rapid)"]
[EventRounds "9"]
[EventCountry "USA"]
[SourceTitle "CBM 202 Extra"]
[Source "ChessBase"]
[SourceDate "2021.07.31"]
[SourceVersion "1"]
[SourceVersionDate "2021.07.31"]
[SourceQuality "1"]

1. Nf3 d5 2. g3 Nf6 3. Bg2 e6 4. 0-0 Bd6 5. d4 b6 6. c4 Bb7 7. Nc3 a6 8. Ne5 Nbd7 9. Qa4 0-0 10. Nxd7 Qxd7 11. Qxd7 Nxd7 12. cxd5 exd5 13. Nxd5 Rad8 14. Bg5 f6 15. Bf4 Bxf4 16. Nxf4 Bxg2 17. Kxg2 Rfe8 18. e3 c5 19. Rfd1 Kf7 20. Nd5 c4 21. Nc7 Re7 22. Nxa6 b5 23. Nb4 Rc8 24. a4 bxa4 25. Rxa4 Nb6 26. Ra6 Rb7 27. Rda1 Rcc7 28. Rxb6 Rxb6 29. Nd5 Rcb7 30. Nxb6 Rxb6 31. Ra4 Rxb2 32. Rxc4 Rb5 33. Rc7+ Kg6 34. h4 h5 35. Kf3 Rf5+ 36. Ke2 Rb5 37. e4 Kh6 38. Rc5 Rb2+ 39. Ke3 g5 40. hxg5+ fxg5 41. Rc6+ Kg7 42. e5 h4 43. gxh4 gxh4 44. Kf3 h3 45. Kg3 h2 46. Kxh2 Rxf2+ 47. Kg3 Rd2 48. Rd6 Kf7 49. Kf4 Rf2+ 50. Ke4 Ke7 51. Ra6 Rb2 52. Ra7+ Kd8 53. d5 Re2+ 54. Kf5 Rh2 55. e6 Rh5+ 56. Kf6 Rh6+ 57. Ke5 1-0